000 00655nam a2200253Ia 4500
003 OSt
005 20221005081306.0
006 a|||||r|||| 00| 0
007 ta
008 221004b |||||||| |||| 00| 0 eng d
024 _a25125
037 _cTextual
040 _aCRL
_cCRL
_beng
041 _2eng
_aeng
082 _aR39(Y), M4
100 _aRanganathananda
_973482
245 0 _aHuman values in management.
260 _aNew Delhi
_bPunjab national bank India
_c1984
300 _a76p.
_ccm.
650 _a PHILOSOPHY
650 _aPHILOSOPHY
942 _hR39(Y), M4
_cTEXL
_2cc
999 _c987482
_d987482